000
00277nam a22001217a 4500
082
_a
621.3 GIL'E
100
_a
GILLIE, A. C
_9
57075
245
_a
ELECTRICAL PRINCIPLES OF ELECTRONICS
250
_a
2ND
260
_a
NEWYORK
_b
MCGRAW HILL
_c
1969
300
_a
732P
942
_c
BK
999
_c
580981
_d
580981